|
|
|
|
| LEADER |
00801nta a2200169 i 4500 |
| 001 |
dipl80240 |
| 005 |
20191106114611.0 |
| 008 |
191106s2016 hu om 0|| zxx d |
| 040 |
|
|
|a SZTE Diploma Repozitórium
|b hun
|
| 041 |
|
|
|a zxx
|
| 100 |
1 |
|
|a Kovács Tamás
|
| 245 |
1 |
2 |
|a A vásárlói döntéshozatalra kiható tényezők vizsgálata az okos eszközök piacán az egyes fogyasztói csoportok vonatkozásában
|h [elektronikus dokumentum] /
|c Tamás Kovács
|
| 246 |
1 |
0 |
|a Analysis of factors affecting the customer decision-making in the smart device market regarding the certain consumer groups
|h [elektronikus dokumentum]
|
| 260 |
|
|
|c 2016
|
| 650 |
|
4 |
|a Gazdaságtudományok
|
| 700 |
1 |
|
|a Csovcsics Andrea
|e ths
|
| 856 |
4 |
0 |
|u http://diploma.bibl.u-szeged.hu/id/eprint/80240/1/2016_kovacs_tamas.pdf
|z Dokumentum-elérés
|